书目信息 |
| 题名: |
课堂形体语言的魅力
|
|
| 作者: | 海德尔曼 著 ;刘运阁 译 | |
| 分册: | ||
| 出版信息: | 南京 南京师范大学出版社 2004 |
|
| 页数: | 166页 | |
| 开本: | 23cm | |
| 丛书名: | ||
| 单 册: | ||
| 中图分类: | G424.21 , H026.3 | |
| 科图分类: | ||
| 主题词: | 课堂教学--形态语言 , 课堂教学 , 形态语言 | |
| 电子资源: | ||
| ISBN: | 7-81047-967-9 | |
| 000 | 00875nam0 2200265 450 | |
| 001 | 1576209087 | |
| 005 | 20150207210919.06 | |
| 010 | @a7-81047-967-9@dCNY17.00 | |
| 100 | @a20050104d2004 em y0chiy50 ea | |
| 101 | 1 | @achi@cger |
| 102 | @aCN@b320000 | |
| 105 | @aa z 000yy | |
| 200 | 1 | @a课堂形体语言的魅力@9ke tang xing ti yu yan de mei li@f(德)鲁道夫·海德尔曼著@g刘运阁译 |
| 210 | @a南京@c南京师范大学出版社@d2004 | |
| 215 | @a166页@d23cm | |
| 330 | @a本书包括:教师举止行为观察方案、训练大纲的设想、教师如何对待学生等五方面内容。在理论上反映了目前对教师举止行为研究的最新动态。 | |
| 606 | 0 | @a课堂教学@x形态语言 |
| 606 | 0 | @a课堂教学 |
| 606 | 0 | @a形态语言 |
| 690 | @aG424.21@v5 | |
| 690 | @aH026.3@v5 | |
| 701 | 0 | @a海德尔曼@9hai de er man@4著 |
| 702 | 0 | @a刘运阁@9liu yun ge@c(德语)@4译 |
| 801 | 0 | @aCN@bTSSF@c20150207 |
| 905 | @aZUCC@dG424.21@eJY26 | |
| 课堂形体语言的魅力/(德)鲁道夫·海德尔曼著/刘运阁译.-南京:南京师范大学出版社,2004 |
| 166页;23cm |
| ISBN 7-81047-967-9:CNY17.00 |
| 本书包括:教师举止行为观察方案、训练大纲的设想、教师如何对待学生等五方面内容。在理论上反映了目前对教师举止行为研究的最新动态。 |
| ● |
| 相关链接 |
|
|
|
|
正题名:课堂形体语言的魅力
索取号:G424.21/JY26
 
预约/预借
| 序号 | 登录号 | 条形码 | 馆藏地/架位号 | 状态 | 备注 |
| 1 | 7860595 | 278605957 | 学院路分馆/ [索取号:G424.21/JY26] | 在馆 |